000 00300nam a2200145Ia 4500
100 _aPfleeger/Charles P
250 _a3
942 _cBK
654 _asecurity
245 _aSecurity in computing
260 _bPearson Education
_c2003
082 _a5.8
_bPFL
300 _a746
546 _aENGLISH
999 _c32412
_d32412